Farmers hit by 10% wage rise (Record no. 66865)

MARC details
000 -LEADER
fixed length control field 00921cam a2200241 4500
001 - CONTROL NUMBER
control field WB3717-29
008 - FIXED-LENGTH DATA ELEMENTS--GENERAL INFORMATION
fixed length control field 000000n2001 000 0 eng u
035 ## - SYSTEM CONTROL NUMBER
System control number (Sirsi) u112332
245 ## - TITLE STATEMENT
Title Farmers hit by 10% wage rise
260 ## - PUBLICATION, DISTRIBUTION, ETC.
Date of publication, distribution, etc. 2001
490 ## - SERIES STATEMENT
Series statement Daily Telegraph
Volume/sequential designation 1 May 2001, 10(1)
520 ## - SUMMARY, ETC.
Summary, etc. The National Farmers Union has reacted angrily to the Agricultural Wages Board ruling that the base rate for farm workers should increase from £4.57 to £4.77 per hour from 1 October 2001. The rate for casual workers will rise from £3.73 to £4.10 per hour. http://www.maff.gov.uk/inf/newsrel/awb/awb_ix.htm.
590 ## - LOCAL NOTE (RLIN)
Local note WB
650 ## - SUBJECT ADDED ENTRY--TOPICAL TERM
Topical term or geographic name entry element AGRICULTURAL WAGES
650 ## - SUBJECT ADDED ENTRY--TOPICAL TERM
Topical term or geographic name entry element AGRICULTURAL WAGES BOARD
650 ## - SUBJECT ADDED ENTRY--TOPICAL TERM
Topical term or geographic name entry element AGRICULTURAL WORKERS
650 ## - SUBJECT ADDED ENTRY--TOPICAL TERM
Topical term or geographic name entry element CASUAL WORKERS
650 ## - SUBJECT ADDED ENTRY--TOPICAL TERM
Topical term or geographic name entry element FARM WORKERS
650 ## - SUBJECT ADDED ENTRY--TOPICAL TERM
Topical term or geographic name entry element WAGE INCREASES
650 ## - SUBJECT ADDED ENTRY--TOPICAL TERM
Topical term or geographic name entry element WAGE RATES
690 ## - LOCAL SUBJECT ADDED ENTRY--TOPICAL TERM (OCLC, RLIN)
Topical term or geographic name as entry element RURAL-FARM BUSINESS MANAGEMENT
942 ## - ADDED ENTRY ELEMENTS (KOHA)
Suppress in OPAC 0
Holdings
Withdrawn status Lost status Source of classification or shelving scheme Damaged status Not for loan Home library Current library Shelving location Date acquired Total Checkouts Full call number Barcode Date last seen Copy number Price effective from Koha item type
    Dewey Decimal Classification     London London News article 01/05/2001   WB3717-29 112332-1001 06/08/2019 1 06/08/2019 News article